[Event "LSS OP-2008-0-00616"]
[Site "LSS email"]
[Date "2008.08.30"]
[Round "?"]
[White "Peroutik, Jiri"]
[Black "Polo Molina, Raul"]
[Result "1/2-1/2"]
[WhiteElo "1186"]
[BlackElo "1853"]
[PlyCount "54"]
[EventDate "2008.08.29"]
[EventType "tourn (corr)"]
[EventRounds "4"]
[EventCountry "GER"]
[SourceTitle "Corr 2011"]
[Source "ChessBase"]
[SourceDate "2010.08.31"]
[SourceVersion "1"]
[SourceVersionDate "2010.08.31"]
[SourceQuality "1"]

1. e4 d6 2. d4 g6 3. Bc4 Bg7 4. Nf3 e6 5. Nc3 Ne7 6. 0-0 0-0 7. Re1 c5 8. dxc5 dxc5 9. e5 Nbc6 10. Bg5 Qxd1 11. Raxd1 Nf5 12. a3 Na5 13. Bd3 h6 14. Bd2 b6 15. b3 Bb7 16. Be2 Rad8 17. Nb5 Bxf3 18. Bxf3 Nh4 19. Bg4 Rd5 20. g3 Nf5 21. Bf3 Rd7 22. Bg2 Nc6 23. a4 a6 24. Na3 Nxe5 25. Bc3 Nf3+ 26. Bxf3 Rxd1 27. Rxd1 Bxc3 1/2-1/2